{"text_format":"3","workbook":"xls","n_sheets":1,"sheets":["Sheet1"],"read":"whole","date_system":"1900","formulas":"cached_only"}

{"sheet":"Sheet1","index":0,"n_rows":68,"n_cols":8,"rows_kept":68,"merged":[[0,0,0,7],[64,0,64,5],[64,6,64,7],[67,0,67,11]],"flags":["formulas_cached_only"]}
["汽车机电系24-25-2第二批次耗材采购清单"]
["序号","耗材品名","型号规格","单位","数量","参考单价","单项控制价","耗材用途"]
[1,"交流接触器","正泰220V","个",10,30,300,"电工实训"]
[2,"交流接触器辅助触头","正泰220V","个",10,14,140,"电工实训"]
[3,"220V时间继电器","正泰220V","个",10,30,300,"电工实训"]
[4,"时间继电器底座","PF083A","个",10,3,30,"电工实训"]
[5,"行程开关","行程开关","个",10,20,200,"电工实训"]
[6,"按钮开关盒","三钮红绿黄平钮","个",10,25,250,"电工实训"]
[7,"指示灯","三色指示灯盒","个",10,25,250,"电工实训"]
[8,"熔断器","熔断器3P","个",10,9,90,"电工实训"]
[9,"熔体","熔体10A","盒",2,10,20,"电工实训"]
[10,"热继电器","正泰380V-JRS1D-25","个",10,27,270,"电工实训"]
[11,"热继电器基座","正泰380V-JRS1D-25","个",10,5.5,55,"电工实训"]
[12,"断路器","断路器32A","个",10,30,300,"电工实训"]
[13,"螺丝+螺帽","M4*8","套",1000,0.12,120,"电工实训"]
[14,"导线","红黄蓝黑四色","卷",50,25,1250,"电工实训"]
[15,"接线端子排","TD-2010（20A10位）","个",10,5,50,"电工实训"]
[16,"接线端子排","TD-2010（20A20位）","个",10,8,80,"电工实训"]
[17,"接线端子排","TD-2010（20A30位）","个",10,12,120,"电工实训"]
[18,"通讯板","FX3U-485ADP-MB","个",2,430,860,"PLC实训"]
[19,"USB触摸屏下载线","3M","根",6,15,90,"PLC实训"]
[20,"FX3U通讯BD板","FX3U-422-BD","个",10,20,200,"PLC实训"]
[21,"FX2N通讯BD板","FX2N-422-BD","个",10,20,200,"PLC实训"]
[22,"     FX3U PLC下载线","  FX3U PLC下载线","个",10,9,90,"PLC实训"]
[23,"指示灯380V","红、黄、绿各一种","套",10,4,40,"电工实训"]
[24,"槽板","25*25（2米长）","根",50,12,600,"电工实训"]
[25,"变频器","三菱FR-D740-0.75K","个",1,850,850,"电工实训"]
[26,"带按钮3孔按钮盒22mm","LA38自复位三位","个",10,20,200,"电工实训"]
[27,"PLC","三菱FX3U-48MR","个",1,1100,1100,"电工实训"]
[28,"FX3U-485ADP-MB","FX3U-485ADP-MB","个",1,450,450,"电工实训"]
[29,"电子焊接套件","NE555水位控制器","套",200,10,2000,"电子焊接"]
[30,"电子焊接套件","万能板6*6","个",250,3,750,"电子焊接"]
[31,"电子焊接套件","焊丝（100克）","个",50,17,850,"电子焊接"]
[32,"电子焊接套件","BT33单晶结体管调光电路","套",200,7.3,1460,"电子焊接"]
[33,"电烙铁","SATA40W恒温内热式","个",100,40,4000,"电子焊接"]
[34,"电烙铁架子",null,"个",40,8,320,"电子焊接"]
[35,"防静电防高温垫子","120cm*130cm","个",10,50,500]
[36,"0.6焊丝",0.6,"卷",2,180,360,"钣金"]
[37,"手工成型板子","0.8mm厚度长260mm宽300mm","盒",50,8,400,"钣金"]
[38,"小锯条",null,"袋",5,120,600,"钣金"]
[39,"Co2混合气","20%CO2+80%Ar的混合气体","罐",10,120,1200,"钣金"]
[40,"（三件套）","大赛专用钣金","套",40,160,6400,"钣金"]
[41,"头戴式口罩","3m","袋",2,100,200,"钣金"]
[42,"汽油","95号","L",50,9,450,"汽车技术"]
[43,"柴油","0号","L",50,9,450,"农机维修"]
[44,"防油耐酸垫子","120cm*60cm","个",10,50,500,"汽车技术"]
[45,"防焊服","威特仕33-6142","套",1,200,200,"钣金"]
[46,"亮幼银 ","P998-8986/2L-C3","罐",1,880,880,"涂装"]
[47,"中闪银","P998-8988/2L-C3","罐",1,880,880,"涂装"]
[48,"鲜红 ","P992-8971/1L-C3","罐",1,480,480,"涂装"]
[49,"透明红","P991-8942/1L-C3","罐",1,480,480,"涂装"]
[50,"铁锈红 ","P990-8908/0.5L-C3","罐",1,280,280,"涂装"]
[51,"暗黑","P990-8948/2L-C3","罐",1,780,780,"涂装"]
[52,"明黄","P993-8972/0.5L-C3","罐",1,330,330,"涂装"]
[53,"控色剂 ","P998-8991/1L-C3","罐",1,520,520,"涂装"]
[54,"香蕉水","20L","桶",2,120,240,"涂装"]
[55,"原子灰","ppg","桶",2,150,300,"涂装"]
[56,"水性清漆+配套固化剂","WBC998+WBH210","桶",2,550,1100,"涂装"]
[57,"水性稀释剂101","WBT101 ppg","桶",1,200,200,"涂装"]
[58,"门板","ppg","块",15,280,4200,"涂装"]
[59,"PVC手套",null,"盒",2,75,150,"涂装"]
[60,"水性自流平+固化剂+稀释剂","PS2102+WB2075","桶",1,3800,3800,"涂装"]
[61,"防毒口罩","3m 6200+6001七件套","个",2,200,400,"涂装"]
[62,"N95颗粒滤棉","3m 5n11cn","盒",2,100,200,"涂装"]
["总控制价（元）：",{"$nulls":5},44365]
[]
[]
["注：1.此表单价为参考价格，报价不得超过控制价；2.可将此表修改为报价单，但其中序号、耗材品名、型号规格、单位、数量不得修改。"]